[Event "22nd OIBM 2018"]
[Site "Gmund am Tegernsee"]
[Date "2018.10.27"]
[Round "1"]
[White "Demchenko, Anton"]
[Black "Teuschler, Hugo"]
[Result "1-0"]
[WhiteElo "2679"]
[BlackElo "2143"]
[Annotator "TA"]
[PlyCount "63"]
[EventDate "2018.10.27"]
[EventType "swiss"]
[EventCountry "GER"]
[SourceTitle "playchess.com"]
[Source "ChessBase"]
[SourceQuality "1"]

{[%evp 15,63,12,21,-1,27,2,13,6,69,60,65,66,70,64,64,49,44,46,120,95,104,99,94,83,100,112,150,94,94,94,103,108,99,101,101,105,96,78,216,215,248,224,228,227,358,341,490,472,914,902]} 1. d4 d5 2. Bf4 e6 3. e3 Bd6 4. Nf3 Nf6 5. Nbd2 O-O 6. Bd3 c5 7. dxc5 Bxc5 8. O-O Nc6 {LiveBook: 4 Games} 9. e4 {[%cal Be3e4,Be4e5][%mdl 32] D02: 1 d4 d5 2 Nf3 sidelines, including 2...Nf6 3 g3 and 2...Nf6 3 Bf4} (9. c4 Be7 10. Rc1 h6 11. h3 Nb4 12. Bb1 dxc4 13. Nxc4 Bd7 14. Nd4 Nbd5 15. Bg3 Rc8 16. Qe2 Bc5 {1-0 (33) Kramnik,V (2777)-Belov,V (2614) Berlin 2015}) 9... Be7 $146 ({Predecessor:} 9... h6 10. e5 Nh5 11. Be3 d4 12. Nxd4 Bxd4 13. Qxh5 Nxe5 14. Nf3 Nxf3+ 15. Qxf3 Bxe3 16. Qxe3 Qc7 {1-0 (55) Cebalo,M (2403)-Kragelj,I (2178) Wolfsberg 2013}) 10. e5 Nd7 11. Re1 {The position is equal.} Re8 (11... Nc5 $11) 12. c3 $14 Nf8 13. Bg3 b6 14. Nb3 a5 15. Nbd4 Nxd4 16. Nxd4 Bd7 (16... Ba6 $14) 17. a4 Bc5 18. Qg4 Ng6 19. Nf3 Rb8 20. h4 b5 21. h5 ({White should play} 21. Ng5 {Strongly threatening Qh5.} Nf8 22. Qh5) 21... Nf8 $16 22. h6 $36 {[%csl Gh6][%cal Rg4g7][%mdl 2048] Black is under strong pressure.} g6 23. Bh4 Be7 24. Bxe7 Qxe7 25. axb5 Bxb5 {[#]} 26. Bc2 $1 Qd8 (26... a4 $16 {was necessary.}) 27. Qf4 $18 Nd7 {[#]} 28. Nd4 $1 ({Worse is} 28. Ng5 Rf8 $11) 28... Rf8 29. Re3 Re8 (29... Rb7 {was worth a try.} 30. b3 Qb6) 30. b4 (30. Rf3 Rf8 $14) 30... axb4 (30... Rb7 $142 31. Rxa5 Bc4) 31. Ra7 bxc3 (31... Ra8 $142) 32. Nxb5 {Precision: White = 89%, Black = 32%.} 1-0

[Event "22nd OIBM 2018"]
[Site "Gmund am Tegernsee"]
[Date "2018.10.27"]
[Round "1"]
[White "Moiseenko, Alexander"]
[Black "Schatz, Dieter"]
[Result "1-0"]
[WhiteElo "2648"]
[BlackElo "2139"]
[Annotator "TA"]
[PlyCount "97"]
[EventDate "2018.10.27"]
[EventType "swiss"]
[EventCountry "GER"]
[SourceTitle "playchess.com"]
[Source "ChessBase"]
[SourceQuality "1"]

{[%evp 10,97,19,14,35,35,39,36,51,48,35,29,37,31,28,9,20,13,20,-8,30,6,17,15,10,-1,17,-7,0,-30,0,0,-2,-11,27,30,27,20,19,0,13,-1,26,27,29,0,79,73,80,72,79,80,81,81,147,90,70,30,150,129,574,577,562,546,535,518,402,66,66,66,63,65,427,420,473,483,444,217,448,439,376,254,223,225,29986,29987,29987,29987,29987,29988]} 1. d4 e6 2. Nf3 d5 3. c4 c6 4. Bg5 Nf6 5. Nbd2 Be7 (5... Nbd7 6. e3 a6 7. a3 h6 8. Bh4 g5 9. Bg3 Nh5 10. Be5 Rg8 11. h3 Nxe5 12. Nxe5 Ng7 13. Qc2 Nf5 14. Bd3 {0-1 (52) Bu,X (2702)-Nepomniachtchi,I (2632) Sochi 2009}) 6. e3 {LiveBook: 20 Partien. D30: Damengambit (ohne Sc3)} Ne4 7. Bxe7 Qxe7 8. Bd3 {Weiß steht etwas besser.} f5 9. O-O Nd7 10. Qc2 O-O 11. Rfc1 $146 ({Vorgänger:} 11. a3 Rf6 12. b4 Rh6 {½-½ (43) Zenker,U (2190)-Zauner,J (2120) Bayern 1996}) 11... g5 12. Nf1 g4 13. Ne1 {[%cal Bf3e1,Be1d3,Bd3f4][%mdl 32]} Ndf6 14. Qb3 Kh8 15. Be2 Rg8 16. Nd3 h5 17. Qa3 Qg7 18. Nf4 h4 19. b4 Ng5 20. Nd2 Bd7 21. b5 a6 22. bxa6 Rxa6 23. Qb4 Ra7 24. Qb6 Rga8 25. a4 Kh7 26. a5 $36 {[%mdl 2048] Weiss hat Druck.} Be8 27. Nb3 dxc4 (27... g3 $11 {hält das Gleichgewicht.}) 28. Bxc4 $16 Nd5 29. Bxd5 $1 exd5 30. Nc5 Qe7 31. Rcb1 {[%cal Rb6b7] zielt auf Dxb7! ab.} g3 (31... Ne4 $142) 32. hxg3 ({Und nicht} 32. Nxb7 gxf2+ 33. Kxf2 Ne4+ 34. Ke1 (34. Kg1 Nd2 $11) 34... Nc3 $11) 32... hxg3 33. Re1 gxf2+ (33... Ne4 $11 34. fxg3 Nd6) 34. Kxf2 Ne4+ $2 {[%mdl 8192]} (34... Kg7 $16 {ist eine bessere Chance.}) 35. Nxe4 $18 fxe4 36. Rh1+ Kg8 {[#] beabsichtigt ...Ta6.} 37. Rh3 $1 Ra6 38. Qc5 $2 (38. Qb2 $18 Rxa5 39. Rxa5 Rxa5 40. Qe2) 38... Qxc5 $14 39. dxc5 {Droht stark Tah1.} Rxa5 40. Rah1 {Weiss will mit Th8+ Matt setzen.} Ra2+ $2 {[%mdl 8192]} ({Lieber} 40... Bf7 $1 $14) 41. Kg3 $18 Bf7 42. Kg4 {[#] jetzt Kf5 und aus.} Kf8 43. Kf5 (43. Rh7 $142) 43... Ke7 $2 (43... Ra1 44. Rxa1 Rxa1) 44. Rh7 Rg8 45. Rb1 Ra7 46. g4 Kf8 $2 (46... Ke8 $18 47. g5 b5) 47. Kf6 {Weiß setzt Matt.} b5 48. cxb6 Rb7 49. Ra1 {Precision: Weiß = 47%, Schwarz = 34%.} 1-0

[Event "22nd OIBM 2018"]
[Site "Gmund am Tegernsee"]
[Date "2018.10.27"]
[Round "1"]
[White "Iturrizaga Bonelli, Eduardo"]
[Black "Jerie, Sven"]
[Result "1-0"]
[WhiteElo "2636"]
[BlackElo "2133"]
[Annotator "TA"]
[PlyCount "67"]
[EventDate "2018.10.27"]
[EventType "swiss"]
[EventCountry "GER"]
[SourceTitle "playchess.com"]
[Source "ChessBase"]
[SourceQuality "1"]

{[%evp 26,67,29,25,29,17,51,67,47,56,48,43,142,137,120,97,120,92,176,121,107,82,90,98,101,101,249,249,287,289,263,301,329,219,233,233,372,364,372,322,376,312,2314,2220]} 1. Nf3 Nf6 2. c4 g6 3. Nc3 Bg7 4. e4 d6 5. d4 O-O 6. Be2 e5 7. O-O Nc6 8. d5 Ne7 9. b4 Nh5 10. g3 f5 11. Ng5 Nf6 12. Bf3 fxe4 13. Ncxe4 Nxe4 14. Bxe4 Nf5 {E97: Königsindisch (Klassisches System)} 15. h4 h6 16. Ne6 Bxe6 $1 {Weiß steht etwas besser.} 17. dxe6 c6 18. b5 Qc7 $146 (18... Qe8 $14) ({Vorgänger:} 18... Nd4 19. bxc6 bxc6 20. Be3 d5 21. cxd5 cxd5 22. e7 Qxe7 23. Bxd5+ {0-1 (60) Omelja,A (2320)-Terletsky,O (2176) Vinnitsa 2016}) 19. bxc6 bxc6 20. Ba3 Rad8 21. Qa4 Ne7 (21... Nd4 $16) 22. Rab1 ({Günstiger ist} 22. Rfd1 $18) 22... Qc8 $16 23. Rfd1 Qxe6 24. Rb7 Qf6 25. Rd2 Nf5 (25... c5 $16) 26. Qxc6 $18 ({Jedoch nicht} 26. Bxc6 $6 Kh8) 26... Nd4 27. Qd5+ Kh8 28. Rxa7 h5 29. Bb2 Nf5 30. Qd3 Bh6 (30... g5 $142 31. Bxf5 Qxf5 32. Qxf5 (32. hxg5 Qxg5 33. a4 h4 $16) 32... Rxf5 33. hxg5 Rxg5) 31. Re2 Rb8 32. Rd7 Rb6 33. c5 {[%cal Bc4c5,Bc5b6][%mdl 32]} Bg7 $2 {[#]} (33... dxc5 34. Bxf5 Qxf5 35. Bxe5+ Kg8 36. Qd5+ Qe6) 34. cxb6 {Precision: Weiß = 69%, Schwarz = 23%.} 1-0

[Event "22nd OIBM 2018"]
[Site "Gmund am Tegernsee"]
[Date "2018.10.27"]
[Round "1"]
[White "Banusz, Tamas"]
[Black "Lettl, Gerhard"]
[Result "1-0"]
[WhiteElo "2606"]
[BlackElo "2132"]
[Annotator "RC"]
[PlyCount "43"]
[EventDate "2018.10.27"]
[EventType "swiss"]
[EventCountry "GER"]
[SourceTitle "playchess.com"]
[Source "ChessBase"]
[SourceQuality "1"]
[TimeControl "40/5400+30:1800+30"]

1. Nf3 {[%emt 0:00:00]} d5 {[%emt 0:00:00]} 2. g3 {[%emt 0:00:00]} Nf6 {[%emt 0:00:16]} 3. Bg2 {[%emt 0:00:00]} e6 {[%emt 0:00:43]} 4. O-O {[%emt 0:00:16]} c5 {[%emt 0:00:27]} 5. c4 {[%emt 0:02:23]} Nc6 {[%emt 0:02:23]} 6. cxd5 {[%emt 0:00:51]} exd5 {[%emt 0:00:35]} 7. d4 {[%emt 0:00:07]} Be7 {[%emt 0:07:45]} 8. dxc5 {[%emt 0:00:24]} Bxc5 {[%emt 0:00:07]} 9. a3 {[%emt 0:00:10]} a5 {[%emt 0:00:46]} 10. Nc3 {[%emt 0:04:15]} O-O {[%emt 0:09:40]} 11. Bg5 {[%emt 0:01:31]} Be6 {[%emt 0:00:55]} 12. Rc1 {[%emt 0:01:20]} Be7 {[%emt 0:00:30]} 13. Qa4 {[%emt 0:08:30]} h6 {[%emt 0:07:11]} 14. Bf4 {[%emt 0:04:03]} Rc8 {[%emt 0:09:55]} 15. Rfd1 {[%emt 0:02:49]} Qb6 {[%emt 0:07:01]} 16. Qb5 {[%emt 0:01:56]} Qxb5 {[%emt 0:05:21]} 17. Nxb5 {[%emt 0:00:08]} Rfd8 {[%emt 0:00:29]} 18. Bc7 {[%emt 0:02:08]} Rd7 {[%emt 0:01:51]} 19. Bxa5 {[%emt 0:01:38]} Ra8 {[%emt 0:06:10]} 20. Be1 {[%emt 0:00:49]} d4 {[%emt 0:06:52]} 21. Nfxd4 {[%emt 0:03:18]} Rad8 {[%emt 0:05:05]} 22. e3 {[%emt 0:00:34]} 1-0

[Event "22nd OIBM 2018"]
[Site "Gmund am Tegernsee"]
[Date "2018.10.27"]
[Round "1"]
[White "Firouzja, Alireza"]
[Black "Niese, Holger"]
[Result "1-0"]
[WhiteElo "2600"]
[BlackElo "2130"]
[Annotator "TA"]
[PlyCount "55"]
[EventDate "2018.10.27"]
[EventType "swiss"]
[EventCountry "GER"]
[SourceTitle "playchess.com"]
[Source "ChessBase"]
[SourceQuality "1"]

{[%evp 21,55,0,8,20,28,14,55,55,76,0,56,54,78,78,70,39,127,47,106,112,616,613,593,608,1888,1858,1638,1585,1351,496,1040,1019,29994,29995,29995,29996]} 1. e4 e5 2. Nf3 Nf6 3. d4 Nxe4 4. Bd3 d5 5. Nxe5 Nd7 6. O-O Nxe5 7. dxe5 Nc5 {C43: Russische Verteidigung (Petrow)} 8. Be3 Nxd3 9. Qxd3 Be7 10. Nc3 c6 11. f4 g6 {LiveBook: 7 Partien} 12. Ne2 Bf5 13. Qb3 {[#]} Qc8 $146 ({Vorgänger:} 13... Qd7 14. h3 Be6 15. Qc3 {1-0 (83) Jones,G (2677)-Smirnov,A (2549) chess.com INT 2018}) 14. Ng3 b6 15. c4 (15. Nxf5 $16 Qxf5 16. c4) 15... dxc4 (15... Be6 $11) 16. Qxc4 $14 Be6 17. Qc2 Bd5 18. f5 Qa6 {[#]} (18... gxf5 $14 19. Nxf5 Rg8) 19. b3 ({Lieber} 19. f6 $1 $16 {[%cal Rf6e7]} Bf8 20. Rac1) 19... Qa3 (19... O-O-O $14) 20. Rad1 $36 {[%mdl 2048] Schwarz steht unter starkem Druck.} Rd8 $2 {[%mdl 8192] [#]} (20... O-O $16) 21. Rxd5 $1 $18 {[%mdl 512]} cxd5 {[#]} 22. Qc6+ $1 Kf8 23. fxg6 hxg6 24. Qxg6 {[%csl Gf1][%cal Rg6f7]} Ke8 25. Qxf7+ Kd7 26. Rc1 Rh4 27. Qf5+ Ke8 28. Qg6+ {Precision: Weiß = 68%, Schwarz = 30%.} 1-0

[Event "22nd OIBM 2018"]
[Site "Gmund am Tegernsee"]
[Date "2018.10.27"]
[Round "1"]
[White "Gopal G.N."]
[Black "Heimerdinger, Joerg"]
[Result "1-0"]
[WhiteElo "2578"]
[BlackElo "2128"]
[Annotator "TA"]
[PlyCount "61"]
[EventDate "2018.10.27"]
[EventType "swiss"]
[EventCountry "GER"]
[SourceTitle "playchess.com"]
[Source "ChessBase"]
[SourceQuality "1"]

{[%evp 17,61,17,28,33,135,126,134,131,143,143,157,169,153,161,242,223,250,247,249,245,261,239,226,233,268,277,269,257,388,377,376,363,412,402,420,417,547,556,656,600,656,639,681,689,670,665]} 1. e4 e6 2. d4 d5 3. Nd2 c5 4. Ngf3 {[%cal Bg1f3,Bf3d4,Bd4b5][%mdl 32]} cxd4 5. Nxd4 Nf6 6. exd5 Qxd5 7. Nb5 {C07: French Tarrasch: 3...c5, 4 Ngf3 and 4 exd5 Qxd5} Na6 8. Nc3 Qe5+ (8... Qd6 9. a3 Bd7 10. Nc4 Qxd1+ 11. Nxd1 Nc5 12. Nc3 Na4 13. Nxa4 Bxa4 14. b3 Bd7 {½-½ (62) Kovalev,V (2655)-Nisipeanu,L (2672) Dortmund 2018}) 9. Be2 Bb4 {LiveBook: 4 Games} 10. O-O Bxc3 (10... O-O $14) 11. Nc4 $16 ({Don't do} 11. bxc3 $6 O-O $16) 11... Qd5 {Hoping for ...Bb4.} 12. bxc3 {Black must now prevent Ba3.} O-O {[#]} 13. Ba3 $1 Bd7 $146 ({Predecessor:} 13... Rd8 14. Bf3 Qxd1 15. Rfxd1 {1-0 (60) Givon,A (2415)-Volodin,A (2283) Golden Sands 2013}) 14. Bxf8 Rxf8 15. Qd4 Rc8 (15... Bc6 $142 16. Ne3 Qa5) 16. Ne5 Be8 17. Bf3 Qxd4 18. cxd4 Rxc2 19. Bxb7 Nb4 20. a3 Nbd5 21. Rfc1 Rd2 22. Rc8 Nb6 (22... Kf8 {might work better.} 23. Ra8 Rxd4) 23. Rd8 $18 Kf8 24. Bc6 Ke7 25. Rb8 Nfd7 26. Rb7 f6 27. Nxd7 {White is clearly winning.} Bxd7 28. Rxa7 Rxd4 29. a4 {[%cal Ba3a4,Ba4a5][%mdl 32]} Kd6 30. Bxd7 Nxd7 31. a5 {Precision: White = 98%, Black = 18%.} 1-0

[Event "22nd OIBM 2018"]
[Site "Gmund am Tegernsee"]
[Date "2018.10.27"]
[Round "1"]
[White "Santos Latasa, Jaime"]
[Black "Gross, Willi"]
[Result "1-0"]
[WhiteElo "2572"]
[BlackElo "2122"]
[Annotator "TA"]
[PlyCount "121"]
[EventDate "2018.10.27"]
[EventType "swiss"]
[EventCountry "GER"]
[SourceTitle "playchess.com"]
[Source "ChessBase"]
[SourceQuality "1"]

{[%evp 18,121,47,31,47,33,43,37,35,33,121,108,127,100,160,154,140,150,165,165,160,160,166,158,172,145,152,130,133,137,140,139,139,135,159,153,185,177,182,183,191,194,171,175,182,192,195,192,195,197,231,192,202,184,199,174,174,174,174,174,195,189,254,254,254,240,263,263,254,239,236,223,383,321,500,493,533,500,499,401,591,598,737,724,767,768,749,745,886,876,862,846,1651,1514,2308,2198,2045,1438,29981,29982,29982,29983,29983,29984,29984,29985]} 1. Nf3 Nf6 2. b3 g6 3. Bb2 Bg7 4. g3 O-O 5. Bg2 d6 6. d4 c5 7. O-O cxd4 8. Nxd4 Qb6 9. c4 Nc6 10. e3 {[%cal Be2e3,Be3d4][%mdl 32] LiveBook: 16 Games. E60: King's Indian: Unusual lines and Fianchetto Variation without Nc3} Nxd4 11. exd4 Qa5 $146 ({Predecessor:} 11... d5 12. cxd5 Bf5 13. Nc3 Rfd8 14. Re1 Rd7 15. Qd2 Qa5 16. Rad1 Rad8 17. h3 h5 {1-0 (42) Georgiev,K (2623)-Papakonstantinou,D (2320) Thessaloniki 2018}) 12. Nc3 {White is slightly better.} Rb8 13. Qe1 Re8 {[#]} (13... Rd8 $14) 14. Nb5 $1 $16 Qb6 15. Bc3 $36 {[%mdl 2048] White has strong initiative.} d5 {[#]} ({Better is} 15... Qd8) 16. Ba5 $1 {[%cal Ra5b6]} Qc6 17. Nc7 Be6 18. Nxe8 Rxe8 19. Bc3 Qd7 20. c5 Ne4 21. Rc1 Bh3 22. Ba1 Ng5 23. Qe2 Bxg2 24. Kxg2 Qh3+ 25. Kh1 Ne4 26. Kg1 Bh6 27. Rcd1 a6 28. Bb2 Bg7 29. a4 h5 30. f3 Ng5 31. Bc1 Ne6 32. Be3 Bf6 33. Qg2 Qxg2+ 34. Kxg2 a5 35. Rd3 Nd8 36. f4 e6 37. h3 Kg7 38. g4 hxg4 39. hxg4 Rh8 (39... Nc6 {might work better.} 40. g5 Bd8) 40. Rh1 $18 Rxh1 41. Kxh1 {[%mdl 4096] Endgame KRB-KBN} Nc6 42. Kg2 Be7 43. Bd2 Bd8 44. Bc3 f5 $2 (44... g5 45. fxg5 Kg6) 45. g5 Bc7 (45... Kg8 $142 46. Re3 Kf7) 46. Kf3 Kf7 47. Rd1 Bd8 48. Rh1 Kg8 (48... Be7 $142 49. Rh2 Kg7) 49. Ke3 Be7 50. Rb1 e5 51. fxe5 Bxg5+ 52. Kd3 Bd8 53. b4 axb4 54. Bxb4 b6 55. cxb6 Bxb6 56. Bd6 Ba5 57. Rc1 Nb4+ 58. Bxb4 {White mates.} Bxb4 59. Rb1 Ba5 60. Rb5 Be1 61. a5 {Precision: White = 84%, Black = 45%.} 1-0

[Event "22nd OIBM 2018"]
[Site "Gmund am Tegernsee"]
[Date "2018.10.27"]
[Round "1"]
[White "Martinovic, Sasa"]
[Black "Paris, Michael"]
[Result "1/2-1/2"]
[WhiteElo "2555"]
[BlackElo "2117"]
[Annotator "TA"]
[PlyCount "63"]
[EventDate "2018.10.27"]
[EventType "swiss"]
[EventCountry "GER"]
[SourceTitle "playchess.com"]
[Source "ChessBase"]
[SourceQuality "1"]

{[%evp 9,63,6,44,42,39,50,91,-37,-45,-41,-31,-114,-26,-43,0,-44,0,-19,13,-35,-29,-39,-25,-73,-30,-97,-85,-179,-150,-156,-161,-166,-131,-266,-224,-364,-363,-354,-322,-344,-329,-308,-150,-118,-36,-43,0,0,0,0,0,0,0,0,0,0]} 1. d4 d5 2. c4 e6 3. Nc3 Bb4 4. a3 Bxc3+ 5. bxc3 dxc4 {LiveBook: 3 Games} (5... Nf6 6. e3 c5 7. Nf3 O-O 8. Be2 dxc4 9. Bxc4 Qc7 10. Be2 b6 11. O-O Bb7 12. Bb2 Nbd7 13. h3 Rfd8 14. a4 Rac8 15. a5 h6 16. axb6 axb6 17. Ra7 Ra8 18. Rxa8 Rxa8 19. c4 Rc8 20. Qb3 Qc6 {½-½ (51) Nepomniachtchi,I (2768)-Inarkiev,E (2690) Satka 2018}) 6. e4 {D31: Queen's Gambit Declined: Semi-Slav without ...Nf6 (+ Marshall Gambit and Noteboom) and Exchange Variation lines without ...Nf6} b5 7. a4 {[%mdl 1024] White has compensation.} Bb7 $146 ({Predecessor:} 7... c6 8. Nf3 Ne7 9. Be2 Nd7 10. O-O Nb6 11. Qc2 O-O 12. e5 h6 13. Nd2 {0-1 (38) Grimm,J (2288)-Cyborowski,L (2524) Germany 2016}) 8. e5 ({White should try} 8. axb5 $16 {aiming for f3.} Bxe4 9. Nf3) 8... a6 $15 9. Qg4 g6 10. Nh3 {[#]} (10. Nf3 $15) 10... Qd5 (10... c5 $1 $17 {[%mdl 512] And now ...cxd4 would win.} 11. axb5 (11. dxc5 Nd7 $15) 11... axb5 12. Rxa8 Bxa8 13. dxc5 Qa5) 11. Nf4 $11 Qd8 12. Be2 Nd7 13. Bf3 Rb8 14. axb5 Bxf3 15. Qxf3 axb5 16. h4 c5 17. Ra6 {[#]} (17. d5 $11) 17... Ne7 $1 $17 18. h5 (18. d5 $17) 18... g5 $19 19. Nxe6 fxe6 20. Rxe6 Rb6 21. Rxb6 (21. Rd6 $17 Rf8 22. Qe4) 21... Qxb6 22. Bxg5 (22. Qa8+ $142 Qb8 23. Qa6) 22... cxd4 23. cxd4 Qa5+ 24. Bd2 Qa1+ 25. Ke2 Qxh1 (25... Qa6 $19 {is more deadly. Hoping for ...Rf8.} 26. Rc1 Rf8) 26. e6 $17 {Intending Qa8+ and mate.} Qa1 (26... Nb6 $17 27. Qf7+ Kd8) 27. exd7+ $15 Kxd7 28. Qb7+ {The position is equal.} Ke6 29. Qe4+ Kd7 30. Qb7+ Ke6 31. Qe4+ Kd7 32. Qb7+ {Precision: White = 24%, Black = 36%.} 1/2-1/2

[Event "22nd OIBM 2018"]
[Site "Gmund am Tegernsee"]
[Date "2018.10.27"]
[Round "1"]
[White "Kulaots, Kaido"]
[Black "Huber, Benedikt"]
[Result "1-0"]
[WhiteElo "2546"]
[BlackElo "2116"]
[Annotator "TA"]
[PlyCount "81"]
[EventDate "2018.10.27"]
[EventType "swiss"]
[EventCountry "GER"]
[SourceTitle "playchess.com"]
[Source "ChessBase"]
[SourceQuality "1"]

{[%evp 22,81,31,0,0,0,0,3,3,3,0,8,4,7,0,20,38,28,36,24,74,0,52,45,31,50,62,31,54,31,99,99,110,104,118,93,190,102,133,133,136,120,306,288,759,758,975,931,1375,1237,2180,965,1462,1146,6270,6270,29991,29992,29992,29993,29994,29995]} 1. e4 c5 2. Nf3 e6 3. d4 cxd4 4. Nxd4 Nc6 5. Nc3 Qc7 6. Be3 a6 7. Be2 b5 8. Nxc6 Qxc6 9. Bf3 {B49: Sicilian: Taimanov: 5 Nc3 Qc7 6 Be3 a6 7 Be2} (9. a3 Bb7 10. O-O Rc8 11. Bd4 Qc7 12. Qd3 Nf6 13. f4 Be7 14. Bf3 O-O 15. e5 Ne8 16. f5 Bxf3 17. Rxf3 Qc4 18. Qd2 f6 19. exf6 Nxf6 20. Kh1 a5 21. Bxf6 Bxf6 22. Qxd7 exf5 23. Rxf5 Bxc3 {½-½ (23) Kobalia,M (2599)-Najer,E (2683) Batumi 2018}) 9... Bb7 10. e5 Qc7 11. Bxb7 Qxb7 12. Qd3 {LiveBook: 6 Games} Qxg2 13. O-O-O {[%csl Gd1][%cal Rd3d7] [#]} Qc6 $1 14. Ne4 f5 15. exf6 $146 ({Predecessor:} 15. Nc5 f4 16. Bd4 Ne7 17. Ne4 Nd5 18. c3 Qc4 19. Qxc4 bxc4 20. Rhg1 Rc8 {½-½ (20) Metz,H-Neukirch,D ICCF corr 1990}) 15... Nxf6 16. Nxf6+ gxf6 17. f4 Rc8 18. Rhg1 Rc7 19. Kb1 {[%mdl 1024] White has compensation.} Qc4 20. Qd2 $1 d5 21. Rg3 ({Better is} 21. Rde1 $16) 21... Rg7 ({Black should try} 21... Qe4 $11) 22. Bd4 {aiming for Rc3.} Rxg3 $1 23. hxg3 Be7 24. Qh2 Kd7 25. g4 Rf8 (25... Rc8 $1 $14) 26. b3 $36 {[%mdl 2048] White has strong initiative.} ({Of course not} 26. Qxh7 $6 Qe2 $11) 26... Qc8 27. Qxh7 Rh8 {[#]} 28. Qd3 $1 Rh4 (28... Qc7 $16 {keeps fighting.}) 29. Qf3 (29. Qg3 $18 Qh8 30. Bg1) 29... Qg8 30. Rg1 Ke8 31. Kb2 Qg6 $2 (31... Kd7 $16) 32. f5 $18 Qg8 $2 (32... exf5 33. gxf5 Qf7) 33. Qg3 Rh7 34. Qb8+ Bd8 35. Bxf6 Rd7 36. Kb1 (36. Re1 $142 Kf7 37. fxe6+ Kg6 38. Bd4) 36... exf5 37. Bxd8 {Intending Qc8 and mate.} Rxd8 38. Re1+ Kf7 39. Qc7+ {White mates.} Kg6 40. gxf5+ Kxf5 41. Qe5+ {Precision: White = 55%, Black = 14%.} 1-0

[Event "22nd OIBM 2018"]
[Site "Gmund am Tegernsee"]
[Date "2018.10.27"]
[Round "1"]
[White "Chanda, Sandipan"]
[Black "Kesseler, Heiko"]
[Result "1-0"]
[WhiteElo "2535"]
[BlackElo "2115"]
[Annotator "TA"]
[PlyCount "53"]
[EventDate "2018.10.27"]
[EventType "swiss"]
[EventCountry "GER"]
[SourceTitle "playchess.com"]
[Source "ChessBase"]
[SourceQuality "1"]

{[%evp 11,53,0,11,4,15,15,23,19,43,43,43,40,42,34,38,38,41,45,39,53,62,54,79,84,81,87,144,139,138,138,261,205,206,216,207,208,200,202,533,545,768,768,871,870]} 1. d4 Nf6 2. c4 e6 3. Nc3 Bb4 4. e3 O-O 5. Bd2 d5 6. Nf3 Nbd7 {LiveBook: 15 Games} 7. cxd5 {E51: Nimzo-Indian: Rubinstein: 4...0-0 5 Nf3 d5} exd5 8. Qb3 c5 9. dxc5 {White has an edge.} ({Don't play} 9. Nxd5 Bxd2+ 10. Nxd2 cxd4 $15) 9... Bxc3 10. Bxc3 Nxc5 11. Qa3 Nfe4 12. Be2 Nxc3 13. Qxc3 Ne4 14. Qb4 {[#]} Be6 $146 ({Predecessor:} 14... Bg4 15. O-O Bxf3 16. Bxf3 {1-0 (57) Krasenkow,M (2628)-Gajewski,G (2599) Warsaw 2018}) 15. O-O Qf6 16. Nd4 a5 17. Qxb7 Rab8 18. Qa6 Nd2 {[#]} (18... Rxb2 $142 19. Qxa5 Rc8) 19. Rfd1 $1 $16 {[%cal Rd1d2]} Ne4 20. f3 Ng5 (20... Qg5 $16 21. fxe4 Bh3) 21. h4 Nh3+ 22. gxh3 Qxh4 {[#]} 23. Qd6 $1 (23. Nxe6 Qg3+ 24. Kf1 Qxh3+ 25. Ke1 (25. Kf2 Qh2+ 26. Ke1 Rxb2 $14) 25... fxe6 $16) 23... Bxh3 {( -> ...Qg5+)} 24. Qf4 Qh5 $2 (24... Qxf4 {is tougher.} 25. exf4 Rxb2) 25. Kf2 $18 {White is clearly winning.} Rb6 26. Rh1 Rg6 27. Bf1 {Precision: White = 87%, Black = 32%.} 1-0